Gidromechaničeskije perechodnyje processy v gidroenergetičeskich ustanovkach

Enregistré dans:
Détails bibliographiques
Format: Livre
Langue:russe
Publié: Moskva : Energija, 1975
Sujets:
Tags: Ajouter un tag
Pas de tags, Soyez le premier à ajouter un tag!

MARC

LEADER 00000nam a22000003a 4500
001 stu85808
005 20141121210412.9
008 040414s1975----xxr-----------------rus-d
040 |a STU  |b slo 
041 0 |a rus 
044 |a xxr 
080 |a 621.311.21 
245 |a Gidromechaničeskije perechodnyje processy v gidroenergetičeskich ustanovkach 
260 |a Moskva :  |b Energija,  |c 1975 
300 |a 366 s 
650 7 |a vodné elektrárne  |2 stusub 
996 |b 284J020443  |c J*46746  |l JJSK  |s A  |a 24  |w stu85808_0001